| 000 | 01798nam a22002657a 4500 | ||
|---|---|---|---|
| 005 | 20260306091336.0 | ||
| 008 | 260305b |||||||| |||| 00| 0 eng d | ||
| 020 | _a9789355323729 | ||
| 040 | _cAL | ||
| 041 | _aeng | ||
| 082 |
_a004.22 _bHAMC |
||
| 100 |
_aCarl Hamacher...[et al.] _9257919 |
||
| 245 | _aComputer organization and embedded systems Ed 6 | ||
| 250 | _a6 | ||
| 260 |
_aChennai _bMcGraw Hill Education Pvt Ltd _c2024 |
||
| 300 |
_axxi,710p. _bPB _c24x18cm |
||
| 365 |
_2Electronics and Communication Engineering _aABDI/0854/26 _b₹847.50 _c₹ _d₹1130.00 _e25% _f19-02-2026 |
||
| 520 | _aThe sixth edition of Computer Organization and Embedded Systems covers the key topics of the subject. It presents hardware design principles and shows how hardware design is influenced by the requirements of software. The book carefully explains the main principles supported by examples drawn from commercially available processors. The book is suitable for undergraduate computer engineering students and computer science specialists. Salient Features: 1. Examines four popular processors like Altera's Nios II, Freescale's ColdFire, ARM, and Intels IA-32 in detail 2. Extensively covers embedded systems, arguing that many devices previously not thought of as computers do, in fact, have computers in them 3. Discusses Microcontrollers and system-on-a-chip implementations 4. Contains graduated difficulty problems at the end of each chapter classified as Easy, Medium, or Difficult, allowing instructors to assign problems based on difficulty level | ||
| 650 |
_aComputer Organization _9257714 |
||
| 650 |
_aEmbedded Computer Systems _9257715 |
||
| 700 |
_aVranesic, Zvonko _9257733 |
||
| 700 |
_aZaky, Safat _9257734 |
||
| 700 |
_aManjikian, Naraig _9257735 |
||
| 942 |
_2ddc _cBK |
||
| 999 |
_c241005 _d241005 |
||